000 00722nam a2200229 i 4500
001 77288
003 ES-MaACL
005 20230906173140.0
007 t|
008 041007s1985 xxk ||||1| eng d
020 _a0-7456-0067-0
245 0 0 _aHabermas and modernity /
_c[Anthony Giddens ... et al.] ; edited with an introduction by Richard J. Bernstein.
260 _aCambridge :
_bPolity Press,
_c1985.
300 _aVIII, 243 p. ;
_c22 cm.
490 1 _aSocial and political theory
500 _aIndice.
700 1 _aGiddens, Anthony.
_956672
700 1 _aBernstein, Richard J.
_928362
830 0 _aSocial and political theory
_9231340
852 _aES-MaACL
_jL-10832
_bR.112592
999 _c77288
_d77288